| 000 | 00427nam a2200169Ia 4500 | ||
|---|---|---|---|
| 005 | 20250508151729.0 | ||
| 008 | 008 250505s9999 xx 000 0 eng d | ||
| 037 | _aTextual | ||
| 040 |
_aFEDL _beng _cFEDL |
||
| 041 |
_aeng _2eng |
||
| 084 |
_a954, SMI _qFEDL |
||
| 100 | _aSmith V A | ||
| 245 | 0 | _aOxford students history of India | |
| 300 | _a440p. | ||
| 942 |
_cTEXL _h954, SMI |
||
| 999 |
_c1331753 _d1331753 |
||